[Event "Pardubice"]
[Site "?"]
[Date "1994.??.??"]
[Round "?"]
[White "Shirov, A."]
[Black "Sokolov, I."]
[Result "1/2-1/2"]
[WhiteElo "2740"]
[BlackElo "2625"]
[PlyCount "81"]
[EventDate "1994.??.??"]
[Source "ChessBase"]
[SourceDate "1994.06.01"]

1. d4 Nf6 2. c4 e6 3. Nc3 Bb4 4. e3 c5 5. Nge2 b6 6. a3 Ba5 7. g3 Bb7 8. d5 exd5 9. Bg2 Ba6 10. cxd5 Bxc3+ 11. Nxc3 O-O 12. b4 Bc4 13. f4 d6 14. bxc5 bxc5 15. Kf2 Nbd7 16. Re1 Rb8 17. e4 Qa5 18. Re3 Bb3 19. Qe2 Nb6 20. g4 Bc4 21. Qf3 Na4 22. Nxa4 Qxa4 23. Kg1 Rfe8 24. g5 Nd7 25. Bd2 Qc2 26. Be1 Rb3 27. Rxb3 Bxb3 28. Qc3 c4 29. Qd4 Qd3 30. Bc3 f6 31. gxf6 gxf6 32. Re1 Kf7 33. Re3 Qb1+ 34. Re1 Qd3 35. Re3 Qb1+ 36. Kf2 Rg8 37. Bf1 Rg4 38. Qxa7 Rxf4+ 39. Kg3 Qxf1 40. Qxd7+ Kg6 41. Qe8+ 1/2-1/2

[Event "Moscow (ol)"]
[Site "?"]
[Date "1994.??.??"]
[Round "?"]
[White "Shirov, A."]
[Black "Yudasin, L."]
[Result "1-0"]
[WhiteElo "2740"]
[BlackElo "2625"]
[PlyCount "71"]
[EventDate "1994.??.??"]
[Source "ChessBase"]
[SourceDate "1995.02.01"]

1. d4 Nf6 2. c4 e6 3. Nc3 Bb4 4. e3 c5 5. Nge2 cxd4 6. exd4 d5 7. c5 Ne4 8. Bd2 Nxd2 9. Qxd2 a5 10. a3 Bxc3 11. Nxc3 a4 12. Bd3 Bd7 13. O-O Nc6 14. Bc2 Ne7 15. Rae1 b6 16. Qd1 bxc5 17. dxc5 Qa5 18. Qd4 O-O 19. Re3 f5 20. Bxa4 Bxa4 21. Rxe6 Ng6 22. b4 Qa7 23. b5 Qa5 24. b6 Be8 25. Nxd5 Bf7 26. Rxg6 Bxg6 27. c6 Rae8 28. b7 Bf7 29. Nb6 Be6 30. h4 Qxa3 31. Rb1 Rd8 32. Qxd8 Rxd8 33. c7 Rf8 34. b8=Q f4 35. Re1 Qd6 36. c8=Q 1-0

[Event "Great Britain (ch) 73/614"]
[Site "?"]
[Date "1998.??.??"]
[Round "?"]
[White "Sadler, Matthew"]
[Black "Short, Nigel D"]
[Result "1/2-1/2"]
[WhiteElo "2660"]
[BlackElo "2670"]
[PlyCount "143"]
[EventDate "1998.??.??"]
[Source "ChessBase"]
[SourceDate "1998.06.01"]

1. d4 Nf6 2. c4 e6 3. Nc3 Bb4 4. e3 c5 5. Nge2 cxd4 6. exd4 O-O 7. a3 Be7 8. d5 exd5 9. cxd5 Bc5 10. Nd4 d6 11. Be2 a6 12. O-O Nbd7 13. Bg5 Re8 14. Nb3 Ba7 15. Nd2 h6 16. Bh4 Ne5 17. Nde4 g5 18. Nxf6+ Qxf6 19. Bg3 Bf5 20. Kh1 Ng6 21. Bg4 Nf4 22. Bxf4 Bxg4 23. Qxg4 Qxf4 24. Qxf4 gxf4 25. Rad1 Rac8 26. g3 Rc4 27. Kg2 Bd4 28. Rd3 Bxc3 29. Rxc3 Rxc3 30. bxc3 Rc8 31. Rb1 b5 32. a4 Rc5 33. axb5 axb5 34. gxf4 Kg7 35. Rb4 Kf6 36. f3 Kf5 37. Kg3 f6 38. h3 Rxd5 39. c4 bxc4 40. Rxc4 Rc5 41. Re4 Rc8 42. Re7 Rd8 43. Rh7 Kg6 44. Ra7 d5 45. Kf2 d4 46. Ke2 Kf5 47. Rh7 Kxf4 48. Rxh6 f5 49. h4 d3+ 50. Kd2 Kxf3 51. h5 Kg4 52. Rf6 Kg5 53. Rf7 Rd5 54. Rh7 Kh4 55. Rh8 Kg4 56. Rh7 Rd8 57. Rf7 Kg5 58. Rh7 f4 59. Kd1 Rf8 60. Ke1 Re8+ 61. Kd2 Rd8 62. Rf7 Rd6 63. Rf8 Kg4 64. Rh8 Rd4 65. Rh7 f3 66. h6 f2 67. Rg7+ Kf3 68. Rf7+ Kg2 69. h7 Rh4 70. Rg7+ Kf1 71. Rf7 Rh3 72. Re7 1/2-1/2

[Event "Elista (ol) 73/615"]
[Site "?"]
[Date "1998.??.??"]
[Round "?"]
[White "Lautier, Joel"]
[Black "Topalov, Veselin"]
[Result "0-1"]
[WhiteElo "2625"]
[BlackElo "2700"]
[PlyCount "86"]
[EventDate "1998.??.??"]
[Source "ChessBase"]
[SourceDate "1998.06.01"]

1. d4 Nf6 2. c4 e6 3. Nc3 Bb4 4. e3 c5 5. Nge2 cxd4 6. exd4 O-O 7. a3 Be7 8. d5 exd5 9. cxd5 Bc5 10. Nd4 d6 11. Be2 a6 12. O-O Nbd7 13. Be3 Ne5 14. h3 Re8 15. b4 Bb6 16. Qb3 Bd7 17. a4 Rc8 18. Rac1 Ng6 19. Rfd1 Rxe3 20. fxe3 Qe7 21. Na2 Rxc1 22. Nxc1 Bxa4 23. Qxa4 Qxe3+ 24. Kh1 Ne4 25. Nf5 Nf2+ 26. Kh2 Qe5+ 27. Ng3 Ne4 28. Qb3 Bf2 29. Rd3 h5 30. Bxh5 Nxg3 31. Rxg3 Qxh5 32. Rxg6 Qxg6 33. Qf3 Bd4 34. Nd3 Qg5 35. Qe4 Qe3 36. Qxe3 Bxe3 37. Kg3 g6 38. Kf3 Bd4 39. Ke2 Kg7 40. Ne1 Kf6 41. Kd3 Bf2 42. Nf3 Kf5 43. Ke2 Ba7 0-1

[Event "Buenos Aires"]
[Site "Buenos Aires"]
[Date "1980.??.??"]
[Round "?"]
[White "Balashov, Yuri S"]
[Black "Karpov, Anatoly"]
[Result "1/2-1/2"]
[WhiteElo "2600"]
[BlackElo "2725"]
[PlyCount "27"]
[EventDate "1980.10.??"]
[Source "ChessBase"]

1. d4 Nf6 2. c4 e6 3. Nc3 Bb4 4. e3 c5 5. Nge2 cxd4 6. exd4 d5 7. a3 Be7 8. Nf4 dxc4 9. Bxc4 O-O 10. O-O Nc6 11. Be3 Bd6 12. Nh5 Be7 13. Nf4 Bd6 14. Nh5 1/2-1/2

[Event "Tallinn/ Paernu 73/612"]
[Site "?"]
[Date "1998.??.??"]
[Round "?"]
[White "Lautier, Joel"]
[Black "Short, Nigel D"]
[Result "0-1"]
[WhiteElo "2645"]
[BlackElo "2660"]
[PlyCount "80"]
[EventDate "1998.??.??"]
[Source "ChessBase"]
[SourceDate "1998.06.01"]

1. d4 e6 2. c4 Nf6 3. Nc3 Bb4 4. e3 c5 5. Nge2 cxd4 6. exd4 a6 7. a3 Be7 8. g3 O-O 9. Bg2 d6 10. O-O Nbd7 11. Nf4 Rb8 12. a4 b6 13. Re1 Bb7 14. d5 e5 15. Nd3 Qc7 16. b3 Rbe8 17. Bd2 Bd8 18. Qb1 Nb8 19. a5 Qc8 20. axb6 Bxb6 21. Be3 Bxe3 22. Rxe3 Nbd7 23. Nb4 Ng4 24. Re2 f5 25. Rea2 e4 26. h3 Nge5 27. Nxa6 Nf3+ 28. Kh1 Nde5 29. Nb5 Rf6 30. Nac7 Rd8 31. Ne6 Rxe6 32. dxe6 Qxe6 33. Ra7 Bc6 34. Qb2 e3 35. fxe3 Qg6 36. g4 fxg4 37. Nd4 Be4 38. Rf1 Rf8 39. Qf2 gxh3 40. Bxf3 Nxf3 0-1

[Event "Ubeda"]
[Site "?"]
[Date "1997.??.??"]
[Round "?"]
[White "Lautier, J."]
[Black "Beliavsky, A."]
[Result "1-0"]
[WhiteElo "2630"]
[BlackElo "2665"]
[PlyCount "67"]
[EventDate "1997.??.??"]
[Source "ChessBase"]
[SourceDate "1997.02.01"]

1. d4 Nf6 2. c4 e6 3. Nc3 Bb4 4. e3 c5 5. Nge2 b6 6. a3 Ba5 7. Rb1 Na6 8. Bd2 O-O 9. Ng3 Bb7 10. Bd3 d5 11. cxd5 cxd4 12. exd4 Bxc3 13. bxc3 Qxd5 14. Qe2 Nc7 15. f3 e5 16. Bc4 Qc6 17. dxe5 Rfe8 18. f4 Rad8 19. O-O Ng4 20. Rb2 Qc5+ 21. Kh1 Rxd2 22. Rxd2 Ne3 23. Bxf7+ Kxf7 24. Rd7+ Kf8 25. Rg1 Nxg2 26. Rxg2 Qc6 27. Qd2 Ne6 28. Nh5 Ba8 29. Kg1 Qc5+ 30. Rf2 Kg8 31. Ng3 Qb5 32. f5 Nc5 33. Rxa7 Nd3 34. f6 1-0

[Event "NED-ch op 5'"]
[Site "Dordrecht"]
[Date "2001.02.24"]
[Round "16"]
[White "Lautier, Joel"]
[Black "Timman, Jan H"]
[Result "1-0"]
[WhiteElo "2658"]
[BlackElo "2629"]
[PlyCount "65"]
[EventDate "2001.02.24"]
[Source "ChessBase"]
[SourceDate "2001.03.08"]

1. d4 Nf6 2. c4 e6 3. Nc3 Bb4 4. e3 c5 5. Nge2 cxd4 6. exd4 O-O 7. a3 Be7 8. Nf4 d6 9. Be3 Nbd7 10. Be2 e5 11. Nfd5 Nxd5 12. Nxd5 Nf6 13. Nxe7+ Qxe7 14. O-O Bf5 15. b4 Rfe8 16. dxe5 dxe5 17. h3 h6 18. Qb3 Qe6 19. Rfd1 b6 20. a4 a5 21. Bf1 Nd7 22. Ra2 axb4 23. Qxb4 Rec8 24. Rd6 Qe7 25. Rxb6 Qd8 26. Rb5 Qc7 27. a5 Qc6 28. Rd2 Nb8 29. Rxe5 Be6 30. Qe7 Na6 31. Rd6 Qe8 32. Qxe8+ Rxe8 33. Bb6 1-0

[Event "Malmoe 73/613"]
[Site "?"]
[Date "1998.??.??"]
[Round "?"]
[White "Lautier, Joel"]
[Black "Andersson, Ulf"]
[Result "1-0"]
[WhiteElo "2645"]
[BlackElo "2635"]
[PlyCount "80"]
[EventDate "1998.??.??"]
[Source "ChessBase"]
[SourceDate "1998.06.01"]

1. d4 Nf6 2. c4 e6 3. Nc3 Bb4 4. e3 c5 5. Nge2 cxd4 6. exd4 O-O 7. a3 Be7 8. d5 exd5 9. cxd5 d6 10. Nd4 Re8 11. Be2 Nbd7 12. O-O a6 13. Nf5 Bf8 14. Qc2 Ne5 15. Bg5 Bd7 16. Ne3 Ng6 17. h4 Be7 18. h5 Ne5 19. Nf5 Bxf5 20. Qxf5 Rc8 21. Rad1 Qd7 22. Qf4 h6 23. Bh4 b5 24. Rd4 Nh7 25. Bxe7 Qxe7 26. a4 bxa4 27. Rxa4 Nf6 28. Rxa6 Qb7 29. Qd2 Rb8 30. Rb1 Qb4 31. Ra4 Qb3 32. Bd1 Qb6 33. Rf4 Ned7 34. b4 Re5 35. Rc4 Qd8 36. Rc6 Qe7 37. Bf3 Rf5 38. Ra6 Ne5 39. Be2 Ned7 40. b5 Nc5 1-0

[Event "EUCup final"]
[Site "Budapest"]
[Date "1996.??.??"]
[Round "3"]
[White "Bareev, Evgeny"]
[Black "Epishin, Vladimir"]
[Result "1/2-1/2"]
[WhiteElo "2655"]
[BlackElo "2620"]
[PlyCount "45"]
[EventDate "1996.11.27"]
[Source "ChessBase"]

1. d4 Nf6 2. c4 e6 3. Nc3 Bb4 4. e3 c5 5. Nge2 cxd4 6. exd4 O-O 7. a3 Be7 8. d5 exd5 9. cxd5 Bc5 10. b4 Bd6 11. g3 Be5 12. Bg2 d6 13. O-O a5 14. Ra2 Na6 15. Qb3 Bd7 16. Bd2 Re8 17. h3 h5 18. Bg5 axb4 19. axb4 Qb6 20. Rb2 Rac8 21. Rc1 Bf5 22. Be3 Qd8 23. Rd2 1/2-1/2

[Event "Hastings 7172"]
[Site "Hastings"]
[Date "1971.??.??"]
[Round "11"]
[White "Gligoric, Svetozar"]
[Black "Kortschnoj, Viktor"]
[Result "1/2-1/2"]
[WhiteElo "2600"]
[BlackElo "2670"]
[PlyCount "29"]
[EventDate "1971.12.??"]
[Source "ChessBase"]

1. d4 Nf6 2. c4 e6 3. Nc3 Bb4 4. e3 c5 5. Nge2 cxd4 6. exd4 d5 7. a3 Be7 8. Nf4 Nc6 9. cxd5 Nxd5 10. Ncxd5 exd5 11. Be2 O-O 12. O-O Qd6 13. Bf3 Bf6 14. Nxd5 Bxd4 15. Bf4 1/2-1/2

[Event "Las Palmas"]
[Site "Las Palmas"]
[Date "1981.??.??"]
[Round "1"]
[White "Kortschnoj, Viktor"]
[Black "Timman, Jan H"]
[Result "1/2-1/2"]
[WhiteElo "2650"]
[BlackElo "2620"]
[PlyCount "82"]
[EventDate "1981.06.??"]
[Source "ChessBase"]

1. d4 Nf6 2. c4 e6 3. Nc3 Bb4 4. e3 c5 5. Nge2 cxd4 6. exd4 Ne4 7. a3 Nxc3 8. Nxc3 Bxc3+ 9. bxc3 b6 10. Qf3 Nc6 11. d5 exd5 12. cxd5 Ne5 13. Qg3 O-O 14. Be2 d6 15. O-O Bb7 16. Rd1 Rc8 17. a4 Qc7 18. Ba3 Rfe8 19. Bb5 Red8 20. Rac1 Qe7 21. Rd4 Rc7 22. Bf1 Qf6 23. Re1 Re7 24. Re3 Ng6 25. Bc1 h6 26. Bd3 Re5 27. Bxg6 Qxg6 28. Qxg6 fxg6 29. c4 Rc8 30. Ba3 Ba6 31. Bxd6 Rxe3 32. fxe3 Rxc4 33. Bb8 Rxd4 34. exd4 Bc8 35. Bxa7 Bd7 36. Bxb6 Bxa4 37. Kf2 Bb3 38. d6 Ba4 39. g4 Kf7 40. d5 Bd7 41. Kf3 g5 1/2-1/2

[Event "Groningen Wch"]
[Site "?"]
[Date "1997.??.??"]
[Round "2"]
[White "Alexandrov Alexey"]
[Black "Hjartarson Johann"]
[Result "1/2-1/2"]
[WhiteElo "2660"]
[BlackElo "2605"]
[PlyCount "122"]
[EventDate "1997.??.??"]
[Source "www.chesslib.no"]
[SourceDate "2004.05.04"]

1. d4 Nf6 2. c4 e6 3. Nc3 Bb4 4. e3 c5 5. Nge2 cxd4 6. exd4 O-O 7. a3 Be7 8. d5 exd5 9. cxd5 Re8 10. d6 Bf8 11. g3 b6 12. Bg2 Nc6 13. b4 Bb7 14. O-O Rb8 15. Nb5 a5 16. Nc7 Re5 17. b5 Na7 18. Bxb7 Rxb7 19. Bf4 Bxd6 20. Qxd6 Rxe2 21. Rac1 Qe7 22. Qxe7 Rxe7 23. Rfe1 Rxe1+ 24. Rxe1 a4 25. g4 h6 26. f3 Nc8 27. h4 Kh7 28. Bh2 Ra7 29. Kf2 d6 30. Na6 Rd7 31. Rc1 Na7 32. Nc7 h5 33. g5 Ng8 34. Ke2 Ne7 35. Bg1 Nac8 36. Kd3 d5 37. Na8 Rb7 38. Bh2 Ra7 39. Nc7 Nf5 40. Rc6 Nfe7 41. Rc1 Nf5 42. Rc6 Nxh4 43. Nxd5 Ne7 44. Nxe7 Rxe7 45. Bd6 Re6 46. Bc7 Re7 47. Bxb6 Nxf3 48. Rc7 Re1 49. Bf2 Rb1 50. b6 h4 51. Rxf7 Ne5+ 52. Kc2 Rxb6 53. Rf4 Rc6+ 54. Kd1 Rc4 55. Rxc4 Nxc4 56. Bxh4 Kg6 57. Kc2 Nxa3+ 58. Kc3 Nb5+ 59. Kb4 a3 60. Bg3 a2 61. Be5 Nd6 1/2-1/2

[Event "Ubeda"]
[Site "?"]
[Date "1997.??.??"]
[Round "?"]
[White "Korchnoi, V."]
[Black "Timman, J."]
[Result "1-0"]
[WhiteElo "2635"]
[BlackElo "2630"]
[PlyCount "71"]
[EventDate "1997.??.??"]
[Source "ChessBase"]
[SourceDate "1997.02.01"]

1. d4 Nf6 2. c4 e6 3. Nc3 Bb4 4. e3 b6 5. Nge2 c5 6. a3 Ba5 7. Rb1 Na6 8. Ng3 Bb7 9. Bd3 Bxc3+ 10. bxc3 Bxg2 11. Rg1 Bb7 12. e4 d6 13. Nh5 Nxh5 14. Qxh5 Qf6 15. Rg3 e5 16. d5 h6 17. a4 g6 18. Qd1 Bc8 19. a5 Qd8 20. Kf1 Nb8 21. Qa4+ Qd7 22. Qa2 bxa5 23. Qxa5 Qd8 24. Qa4+ Kf8 25. Kg1 Kg7 26. f4 a5 27. fxe5 dxe5 28. Be3 Nd7 29. Rf1 Qe7 30. Rgf3 Rf8 31. R1f2 Ra6 32. Bc2 Qd6 33. Qa1 a4 34. Bxa4 Nb6 35. Rf6 Rxa4 36. Bxh6+ 1-0

[Event "France"]
[Site "?"]
[Date "1993.??.??"]
[Round "?"]
[White "Shirov, A."]
[Black "Pinter, J."]
[Result "1-0"]
[WhiteElo "2685"]
[BlackElo "2575"]
[PlyCount "79"]
[EventDate "1993.??.??"]
[Source "ChessBase"]
[SourceDate "1994.02.01"]

1. d4 Nf6 2. c4 e6 3. Nc3 Bb4 4. e3 c5 5. Nge2 cxd4 6. exd4 d5 7. c5 Nc6 8. a3 Bxc3+ 9. Nxc3 Ne4 10. Bd3 Nxc3 11. bxc3 O-O 12. O-O b6 13. a4 bxc5 14. Ba3 Re8 15. Bxc5 Bd7 16. f4 Qc7 17. Qh5 g6 18. Qh6 f5 19. Rf3 Bc8 20. Re1 Qg7 21. Qh4 Bd7 22. Rfe3 Qf7 23. Ba6 Na5 24. Bb4 Nc6 25. Bd6 Bc8 26. Bb5 Bd7 27. Bxc6 Bxc6 28. Rg3 e5 29. Bxe5 Bxa4 30. Qg5 Re6 31. h4 Be8 32. h5 a5 33. c4 Qd7 34. cxd5 Qxd5 35. Rc1 Rxe5 36. dxe5 Qd8 37. hxg6 hxg6 38. Qxf5 Qb6+ 39. Kh2 Ra7 40. Qc8 1-0

[Event "Graz"]
[Site "?"]
[Date "2006.11.04"]
[Round "2"]
[White "Beliavsky Alexander G"]
[Black "Gyimesi Zoltan"]
[Result "1/2-1/2"]
[WhiteElo "2639"]
[BlackElo "2616"]
[PlyCount "47"]
[EventDate "2006.??.??"]
[Source "www.chesslib.no"]
[SourceDate "2004.05.04"]

1. d4 Nf6 2. c4 e6 3. Nc3 Bb4 4. e3 c5 5. Nge2 b6 6. a3 Ba5 7. Rb1 Na6 8. Qa4 Bb7 9. Bd2 Qe7 10. Ng3 O-O 11. d5 Bxc3 12. Bxc3 Nc7 13. Bxf6 Qxf6 14. Qxd7 Rac8 15. d6 Rfd8 16. Qe7 Qxe7 17. dxe7 Rd7 18. f3 f6 19. Rd1 Rxd1+ 20. Kxd1 Kf7 21. Bd3 h6 22. Kd2 Kxe7 23. b4 Ne8 24. b5 1/2-1/2

[Event "Kranevo"]
[Site "?"]
[Date "1996.??.??"]
[Round "?"]
[White "Bareev, E."]
[Black "Yudasin, L."]
[Result "1/2-1/2"]
[WhiteElo "2655"]
[BlackElo "2595"]
[PlyCount "126"]
[EventDate "1996.??.??"]
[Source "ChessBase"]
[SourceDate "1996.10.01"]

1. d4 Nf6 2. c4 e6 3. Nc3 Bb4 4. e3 c5 5. Nge2 cxd4 6. exd4 d5 7. c5 Ne4 8. Bd2 Nxd2 9. Qxd2 a5 10. a3 Bxc3 11. Nxc3 a4 12. Bd3 Bd7 13. O-O Nc6 14. Bc2 Ne7 15. Rfe1 O-O 16. Qd1 Qa5 17. Qh5 g6 18. Qh6 Kh8 19. Re3 Ng8 20. Qf4 Qd8 21. Rf3 Kg7 22. Re1 b6 23. Qe5+ f6 24. Qd6 bxc5 25. dxc5 Qc8 26. c6 Bxc6 27. Rxe6 Ra6 28. Bd3 Bb5 29. Bxb5 Rxd6 30. Rxd6 Rd8 31. Rxd5 Rxd5 32. Nxd5 Qc1+ 33. Bf1 Qxb2 34. Rc3 Nh6 35. Rc4 Qxa3 36. Nb6 Nf7 37. Nxa4 Ne5 38. Rc7+ Kh6 39. Nc3 f5 40. h3 Qa5 41. Nb5 f4 42. Rc2 f3 43. g3 Qe1 44. Rc3 Qd1 45. Na3 Nf7 46. Rd3 Qc1 47. Rxf3 Ng5 48. Re3 Nxh3+ 49. Kg2 Qc6+ 50. f3 Ng5 51. Nc4 Qd7 52. Kf2 Kg7 53. f4 Nf7 54. Ne5 Qd2+ 55. Be2 Nd6 56. Rd3 Qb4 57. Kg2 g5 58. Bf3 gxf4 59. gxf4 Kf6 60. Rd5 Qa3 61. Ng4+ Kf7 62. Ne3 Kf8 63. Re5 Qb2+ 1/2-1/2

[Event "Cup World (cat.16)"]
[Site "Cup World (cat.16)"]
[Date "1991.??.??"]
[Round "16"]
[White "Speelman, Jonathan S"]
[Black "Khalifman, Alexander V"]
[Result "1/2-1/2"]
[WhiteElo "2610"]
[BlackElo "2640"]
[PlyCount "63"]
[EventDate "1991.??.??"]
[Source "www.chesslib.no"]
[SourceDate "2004.05.04"]

1. d4 Nf6 2. c4 e6 3. Nc3 Bb4 4. e3 c5 5. Nge2 cxd4 6. exd4 d5 7. c5 Ne4 8. Bd2 Nxd2 9. Qxd2 a5 10. a3 Bxc3 11. Nxc3 a4 12. Bd3 b6 13. cxb6 Qxb6 14. O-O Bd7 15. Rfe1 O-O 16. Bc2 Bc6 17. Re3 Nd7 18. Rg3 Rfe8 19. Rd1 Nf8 20. h4 Qc7 21. h5 h6 22. Re1 Kh8 23. Qd1 Qd7 24. Ne2 Bb5 25. Nc3 Bc6 26. Ne2 Bb5 27. Nc3 Bc6 28. Ne2 Bb5 29. Nf4 Qc7 30. Qg4 f5 31. Ng6+ Kg8 32. Bxf5 1/2-1/2

[Event "Manresa"]
[Site "Manresa"]
[Date "1995.??.??"]
[Round "5"]
[White "Giorgadze, Giorgi"]
[Black "Epishin, Vladimir"]
[Result "1/2-1/2"]
[WhiteElo "2605"]
[BlackElo "2640"]
[PlyCount "29"]
[EventDate "1995.06.??"]
[Source "ChessBase"]

1. d4 Nf6 2. c4 e6 3. Nc3 Bb4 4. e3 c5 5. Nge2 cxd4 6. exd4 O-O 7. a3 Be7 8. Nf4 d5 9. Be3 Nc6 10. cxd5 Nxd5 11. Ncxd5 exd5 12. Be2 Bg5 13. O-O Bf5 14. b4 Re8 15. Bb5 1/2-1/2

[Event "Bugojno"]
[Site "Bugojno"]
[Date "1984.??.??"]
[Round "?"]
[White "Miles, Anthony J"]
[Black "Andersson, Ulf"]
[Result "0-1"]
[WhiteElo "2610"]
[BlackElo "2630"]
[PlyCount "86"]
[EventDate "1984.05.??"]
[Source "ChessBase"]

1. d4 Nf6 2. c4 e6 3. Nc3 Bb4 4. e3 c5 5. Nge2 d5 6. a3 Bxc3+ 7. Nxc3 cxd4 8. exd4 dxc4 9. Bxc4 O-O 10. Qd3 Nc6 11. Be3 b6 12. Rd1 h6 13. O-O Bb7 14. f3 Rc8 15. Bf2 Rc7 16. Ba2 Rd7 17. Rfe1 Re8 18. d5 Ne7 19. Bc4 Nexd5 20. Bb5 Nxc3 21. Bxd7 Nxd1 22. Rxd1 Rf8 23. Bh4 Bd5 24. Ba4 Qc7 25. Qe3 Rc8 26. Bxf6 gxf6 27. Bb3 Bxb3 28. Qxb3 Qc2 29. Rd3 Qc5+ 30. Kf1 Qe5 31. Kf2 Qxh2 32. Rd4 f5 33. f4 Qh4+ 34. Qg3+ Qxg3+ 35. Kxg3 Rc2 36. Rb4 Kf8 37. a4 Re2 38. Rb3 Re4 39. a5 bxa5 40. Rb7 Rb4 41. Rxa7 a4 42. Ra8+ Kg7 43. Ra6 h5 0-1

[Event "Benasque"]
[Site "Benasque"]
[Date "1995.??.??"]
[Round "4"]
[White "Giorgadze, Giorgi"]
[Black "Andersson, Ulf"]
[Result "1/2-1/2"]
[WhiteElo "2605"]
[BlackElo "2630"]
[PlyCount "35"]
[EventDate "1995.07.??"]
[Source "ChessBase"]

1. d4 Nf6 2. c4 e6 3. Nc3 Bb4 4. e3 c5 5. Nge2 d5 6. a3 Bxc3+ 7. Nxc3 cxd4 8. exd4 dxc4 9. Bxc4 Nc6 10. Be3 O-O 11. O-O b6 12. Qf3 Bb7 13. Bd3 Rc8 14. Rad1 Rc7 15. Qh3 Ne7 16. Bf4 Rd7 17. Be5 Ng6 18. Bb5 1/2-1/2

[Event "Beijing (open)"]
[Site "?"]
[Date "1997.??.??"]
[Round "?"]
[White "Yakovich, Y."]
[Black "Alterman, B."]
[Result "1/2-1/2"]
[WhiteElo "2610"]
[BlackElo "2615"]
[PlyCount "81"]
[EventDate "1997.??.??"]
[Source "ChessBase"]
[SourceDate "1997.06.01"]

1. d4 Nf6 2. c4 e6 3. Nc3 Bb4 4. e3 c5 5. Nge2 cxd4 6. exd4 O-O 7. a3 Be7 8. d5 exd5 9. cxd5 Bc5 10. Na4 b6 11. Nec3 Re8+ 12. Be2 Ba6 13. O-O Bxe2 14. Nxe2 Na6 15. Nac3 Bd6 16. h3 Nc5 17. Be3 Nfe4 18. Rc1 Qf6 19. b4 Nxc3 20. Nxc3 Ne4 21. Nb5 Qe5 22. Nxd6 Qxd6 23. Qd3 Nf6 24. Rfd1 Rac8 25. Rc4 Rxc4 26. Qxc4 h6 27. Qa6 Qc7 28. Rc1 Qd6 29. Rd1 Qc7 30. d6 Qc2 31. Rc1 Qb2 32. Qd3 Ne4 33. Rc7 Qa1+ 34. Kh2 Qe5+ 35. Kg1 Qa1+ 36. Kh2 Qe5+ 37. g3 Qxd6 38. Qxd6 Nxd6 39. Rxa7 Nc4 40. Bf4 g5 41. Be3 1/2-1/2

[Event "PCA/Intel-GP"]
[Site "Moscow"]
[Date "1994.??.??"]
[Round "2"]
[White "Kortschnoj, Viktor"]
[Black "Vyzmanavin, Alexey"]
[Result "1/2-1/2"]
[WhiteElo "2615"]
[BlackElo "2610"]
[PlyCount "91"]
[EventDate "1994.04.??"]
[Source "ChessBase"]

1. d4 Nf6 2. c4 e6 3. Nc3 Bb4 4. e3 c5 5. Nge2 d5 6. a3 Bxc3+ 7. Nxc3 cxd4 8. exd4 dxc4 9. Bxc4 Nc6 10. Be3 O-O 11. O-O b6 12. Qf3 Bb7 13. Bd3 Rc8 14. Rad1 h6 15. Qg3 Kh8 16. Qh3 Ng8 17. d5 exd5 18. Bf5 d4 19. Bxc8 Bxc8 20. Qf3 Nge7 21. Nb5 d3 22. Bxh6 Bf5 23. Bf4 Qd7 24. Rfe1 Kg8 25. h3 Bg6 26. Bd6 Rd8 27. Bxe7 Nxe7 28. Nc3 Nc6 29. Qe3 Na5 30. Qg5 Nc4 31. Re7 Qd4 32. Nb5 Qc5 33. Qxc5 bxc5 34. b3 Na5 35. Rxa7 Nxb3 36. a4 d2 37. Nc3 Bc2 38. Rf1 d1=Q 39. Nxd1 Bxd1 40. Re1 c4 41. Ree7 c3 42. Rxf7 c2 43. Rxg7+ Kh8 44. Rh7+ Kg8 45. Rag7+ Kf8 46. Rc7 1/2-1/2

[Event "Shenyang"]
[Site "?"]
[Date "2000.??.??"]
[Round "?"]
[White "Aleksandrov, A."]
[Black "Milos, Gilberto"]
[Result "0-1"]
[WhiteElo "2590"]
[BlackElo "2630"]
[PlyCount "81"]
[EventDate "2000.??.??"]
[Source "Chess Informant"]
[SourceDate "2000.06.01"]

1. d4 Nf6 2. c4 e6 3. Nc3 Bb4 4. e3 b6 5. Nge2 c5 6. a3 Ba5 7. Rb1 Na6 8. f3 O-O 9. d5 exd5 10. cxd5 b5 11. Kf2 b4 12. Nb5 d6 13. axb4 Nxb4 14. Nec3 Bb6 15. Bc4 Nd7 16. Ne4 Ne5 17. b3 f5 18. Nexd6 a6 19. Nxc8 axb5 20. Nxb6 Qxb6 21. Be2 Rfd8 22. f4 Rxd5 23. fxe5 Rxd1 24. Rxd1 Qe6 25. Bxb5 Ra2+ 26. Bb2 Qxb3 27. Rd8+ Kf7 28. Rd7+ Ke6 29. Rd6+ Ke7 30. Rd7+ Kf8 31. Rd8+ Kf7 32. Rd7+ Kg6 33. Rd6+ Kg5 34. h4+ Kxh4 35. Be2 Kg5 36. Rd2 Nd5 37. Rbd1 Qxe3+ 38. Kf1 Qf4+ 39. Kg1 Qe3+ 40. Kh1 Ra4 41. Bc1 0-1

[Event "Aruba"]
[Site "?"]
[Date "1992.??.??"]
[Round "?"]
[White "Granda Zuniga, J."]
[Black "Psakhis, L."]
[Result "0-1"]
[WhiteElo "2615"]
[BlackElo "2605"]
[PlyCount "46"]
[EventDate "1992.??.??"]
[Source "ChessBase"]
[SourceDate "1992.02.01"]

1. d4 e6 2. c4 Bb4+ 3. Nc3 Nf6 4. e3 b6 5. Nge2 c5 6. a3 Ba5 7. Bd2 O-O 8. d5 d6 9. Ng3 exd5 10. cxd5 Bb7 11. e4 Re8 12. Bb5 Nbd7 13. O-O Bxc3 14. Bxc3 Nxe4 15. Bxg7 Kxg7 16. Qg4+ Kh8 17. Qxd7 Qxd7 18. Bxd7 Nxg3 19. fxg3 Re7 20. Bg4 Bxd5 21. Rad1 Bc4 22. Rf4 d5 23. Bf3 Rae8 0-1

[Event "Corr"]
[Site "?"]
[Date "2000.09.30"]
[Round "?"]
[White "Andriulaitis Vytautas"]
[Black "Costa Carlos Evanir"]
[Result "1/2-1/2"]
[WhiteElo "2603"]
[BlackElo "2616"]
[PlyCount "87"]
[EventDate "2000.??.??"]
[Source "www.chesslib.no"]
[SourceDate "2004.05.04"]

1. d4 Nf6 2. c4 e6 3. Nc3 Bb4 4. e3 c5 5. Nge2 cxd4 6. exd4 O-O 7. a3 Be7 8. Nf4 d6 9. Be2 a6 10. O-O Qc7 11. Be3 b6 12. Rc1 Bb7 13. Bd3 Nbd7 14. b4 Rfe8 15. Re1 Rac8 16. f3 Qb8 17. d5 Bd8 18. Bf1 e5 19. Nh3 b5 20. cxb5 a5 21. Qb3 axb4 22. Qxb4 Qa8 23. Nf2 Ba5 24. Qb2 Nb6 25. Bd2 Nfxd5 26. Nxd5 Nxd5 27. Ne4 Qa7+ 28. Kh1 Bxd2 29. Nxd2 Nb6 30. Rxc8 Rxc8 31. Qb4 Rd8 32. Ra1 Qa4 33. Qxa4 Nxa4 34. Rc1 Rd7 35. Be2 Nb6 36. Ra1 Rc7 37. Bd1 f5 38. a4 d5 39. a5 Nd7 40. Kg1 Kf7 41. Rb1 Rc3 42. Kf2 d4 43. Bb3+ Kf6 44. Ke2 1/2-1/2

[Event "Kemerovo"]
[Site "?"]
[Date "1995.??.??"]
[Round "?"]
[White "Nenashev, A."]
[Black "Yudasin, L."]
[Result "0-1"]
[WhiteElo "2585"]
[BlackElo "2630"]
[PlyCount "128"]
[EventDate "1995.??.??"]
[Source "ChessBase"]
[SourceDate "1995.10.01"]

1. d4 Nf6 2. c4 e6 3. Nc3 Bb4 4. e3 c5 5. Nge2 cxd4 6. exd4 d5 7. c5 Ne4 8. Bd2 Nxd2 9. Qxd2 a5 10. a3 Bxc3 11. Nxc3 a4 12. Bd3 Bd7 13. O-O Nc6 14. Bc2 Ne7 15. Rfe1 b6 16. Qg5 O-O 17. cxb6 Ng6 18. Qxd8 Rfxd8 19. b4 axb3 20. Bxg6 hxg6 21. Reb1 Rdb8 22. Rxb3 Ra6 23. Rab1 Kf8 24. h4 Ke7 25. Kf1 Kd6 26. Ke2 f6 27. Ke3 Bc6 28. R1b2 Kd7 29. Ne2 Ba4 30. Rc3 Raxb6 31. Rxb6 Rxb6 32. Nf4 Rb1 33. Nd3 Kd6 34. Nc5 Bc6 35. f4 Ra1 36. Kf3 e5 37. fxe5+ fxe5 38. dxe5+ Kxe5 39. Nb3 Rxa3 40. Rxc6 Rxb3+ 41. Kg4 Rb4+ 42. Kg3 Kf5 43. Rd6 Rd4 44. Rd7 g5 45. h5 Rd3+ 46. Kf2 Kg4 47. Ke2 Rd4 48. Rxg7 Kxh5 49. Kf3 Rf4+ 50. Kg3 d4 51. Rh7+ Kg6 52. Rd7 Kf5 53. Rd5+ Ke4 54. Rxg5 d3 55. Rg8 Rf1 56. Re8+ Kd4 57. Rd8+ Kc3 58. Rc8+ Kb3 59. Rd8 Kc2 60. Kh4 d2 61. g4 d1=Q 62. Rxd1 Rxd1 63. g5 Kd3 64. g6 Rg1 0-1